| 000 | 00574nam a2200193Ia 4500 | ||
|---|---|---|---|
| 005 | 20260120124503.0 | ||
| 008 | 008 260114s9999 xx 000 0 eng d | ||
| 020 | _a9781787568921 | ||
| 037 | _aEBOOK | ||
| 040 |
_aCRL _beng _cCRL |
||
| 041 |
_aeng _2eng |
||
| 084 | _qCRL | ||
| 100 |
_aJames Reid _9907006 |
||
| 245 | 0 | _aPrimary Teachers, Inspection and the Silencing of the Ethic of Care | |
| 260 |
_bEmerald Publishing _c2018 |
||
| 856 | _uhttps://www.emerald.com/insight/publication/doi/10.1108/9781787568914 | ||
| 942 | _cEBOOK | ||
| 999 |
_c1498692 _d1498692 |
||